<?xml version="1.0" encoding="UTF-8"?>
<record
    xmlns:xsi="http://www.w3.org/2001/XMLSchema-instance"
    xsi:schemaLocation="http://www.loc.gov/MARC21/slim http://www.loc.gov/standards/marcxml/schema/MARC21slim.xsd"
    xmlns="http://www.loc.gov/MARC21/slim">

  <leader>00194nam a2200085Ia 4500</leader>
  <controlfield tag="008">170620s9999    xx            000 0 und d</controlfield>
  <datafield tag="100" ind1=" " ind2=" ">
    <subfield code="a">Mulla</subfield>
  </datafield>
  <datafield tag="245" ind1=" " ind2="0">
    <subfield code="a">Principles of Mohamedan Law</subfield>
  </datafield>
  <datafield tag="260" ind1=" " ind2=" ">
    <subfield code="b">Lexis Nexis</subfield>
  </datafield>
  <datafield tag="260" ind1=" " ind2=" ">
    <subfield code="c">2006</subfield>
  </datafield>
  <datafield tag="999" ind1=" " ind2=" ">
    <subfield code="c">29025</subfield>
    <subfield code="d">29025</subfield>
  </datafield>
  <datafield tag="952" ind1=" " ind2=" ">
    <subfield code="0">0</subfield>
    <subfield code="1">0</subfield>
    <subfield code="2">ddc</subfield>
    <subfield code="4">0</subfield>
    <subfield code="7">0</subfield>
    <subfield code="a">11</subfield>
    <subfield code="b">11</subfield>
    <subfield code="d">2017-06-26</subfield>
    <subfield code="e">73</subfield>
    <subfield code="l">0</subfield>
    <subfield code="p">11-B-1194</subfield>
    <subfield code="r">2017-06-26</subfield>
    <subfield code="w">2017-06-26</subfield>
    <subfield code="y">01</subfield>
  </datafield>
  <datafield tag="952" ind1=" " ind2=" ">
    <subfield code="0">0</subfield>
    <subfield code="1">0</subfield>
    <subfield code="2">ddc</subfield>
    <subfield code="4">0</subfield>
    <subfield code="7">0</subfield>
    <subfield code="a">11</subfield>
    <subfield code="b">11</subfield>
    <subfield code="d">2017-06-26</subfield>
    <subfield code="e">73</subfield>
    <subfield code="l">0</subfield>
    <subfield code="p">11-B-1195</subfield>
    <subfield code="r">2017-06-26</subfield>
    <subfield code="w">2017-06-26</subfield>
    <subfield code="y">01</subfield>
  </datafield>
  <datafield tag="952" ind1=" " ind2=" ">
    <subfield code="0">0</subfield>
    <subfield code="1">0</subfield>
    <subfield code="2">ddc</subfield>
    <subfield code="4">0</subfield>
    <subfield code="7">0</subfield>
    <subfield code="a">04</subfield>
    <subfield code="b">04</subfield>
    <subfield code="d">2017-06-29</subfield>
    <subfield code="l">0</subfield>
    <subfield code="p">04-B-1920</subfield>
    <subfield code="r">2017-06-29</subfield>
    <subfield code="w">2017-06-29</subfield>
    <subfield code="y">01</subfield>
  </datafield>
  <datafield tag="952" ind1=" " ind2=" ">
    <subfield code="0">0</subfield>
    <subfield code="1">0</subfield>
    <subfield code="2">ddc</subfield>
    <subfield code="4">0</subfield>
    <subfield code="7">0</subfield>
    <subfield code="a">04</subfield>
    <subfield code="b">04</subfield>
    <subfield code="d">2017-06-29</subfield>
    <subfield code="p">04-B-1921</subfield>
    <subfield code="r">2017-06-29</subfield>
    <subfield code="w">2017-06-29</subfield>
    <subfield code="y">02</subfield>
  </datafield>
</record>
